[Event "Vladivostok Primorsky Debut"]
[Site "Vladivostok"]
[Date "2015.07.21"]
[Round "1"]
[White "Smirnov, Pavel"]
[Black "Tanashkin, Alexey"]
[Result "1-0"]
[WhiteElo "2600"]
[BlackElo "2141"]
[PlyCount "165"]
[EventDate "2015.07.21"]
[EventType "swiss"]
[EventRounds "9"]
[EventCountry "RUS"]
[SourceTitle "EXT 2016"]
[Source "ChessBase"]
[SourceDate "2015.10.08"]
[SourceVersion "1"]
[SourceVersionDate "2015.10.08"]
[SourceQuality "1"]

1. d4 d5 2. c4 dxc4 3. e3 e5 4. Bxc4 exd4 5. exd4 Bd6 6. Nf3 Nf6 7. Qe2+ Qe7 8. Qxe7+ Bxe7 9. 0-0 0-0 10. Re1 Bd6 11. Nc3 Bf5 12. Bg5 Nbd7 13. Nh4 Bg6 14. Nxg6 hxg6 15. g3 c6 16. Kg2 Rfe8 17. Bb3 Nb6 18. h4 Nbd5 19. Kf3 Kf8 20. g4 Rxe1 21. Rxe1 Re8 22. Rc1 a6 23. Bd2 Bb4 24. g5 Nxc3 25. bxc3 Ne4 26. Be1 Ba3 27. Rb1 Nd6 28. Bd2 Ne4 29. Be1 Nd6 30. Bc2 b5 31. Bd3 Nf5 32. h5 Bd6 33. Bd2 Ne7 34. hxg6 Nxg6 35. Rh1 Kg8 36. Be3 Ne7 37. c4 Rb8 38. Bh7+ Kf8 39. Be4 Kg8 40. cxb5 axb5 41. Rc1 Rc8 42. d5 cxd5 43. Rxc8+ Nxc8 44. Bxd5 Ne7 45. Ke4 Kf8 46. Bd4 g6 47. Bb3 Bb4 48. Bf6 Bd6 49. Bd1 Bc5 50. f4 Nf5 51. Bg4 Ne3 52. Bd7 b4 53. Be5 Ke7 54. Ba4 Ke6 55. Bf6 Ng4 56. Bb3+ Kd7 57. Bb2 Ke7 58. Kf3 Ne3 59. Bf6+ Ke8 60. Be5 Ke7 61. Ke4 Bb6 62. Bb8 f5+ 63. Ke5 Bc5 64. Bg8 Kf8 65. Be6 Ke7 66. Bb3 Ng2 67. Bd5 Ne3 68. Bf3 Nf1 69. Kd5 Be3 70. Bd6+ Kd7 71. Bd1 Nd2 72. Ba4+ Kd8 73. Ke6 Ne4 74. Be7+ Kc7 75. Kf7 Bxf4 76. Kxg6 Ng3 77. Bc2 Kc6 78. Bxb4 Be3 79. Be7 f4 80. Bd1 Bd4 81. Bf6 Bc5 82. Kf7 Ne4 83. Bf3 1-0

[Event "Vladivostok op-B"]
[Site "Vladivostok"]
[Date "2010.08.06"]
[Round "3"]
[White "Aksenov, Anton"]
[Black "Tanashkin, Alexey"]
[Result "1/2-1/2"]
[WhiteElo "1988"]
[BlackElo "2170"]
[PlyCount "75"]
[EventDate "2010.08.04"]
[EventType "swiss"]
[EventRounds "9"]
[EventCountry "RUS"]
[SourceTitle "EXT 2011"]
[Source "ChessBase"]
[SourceDate "2010.11.26"]
[SourceVersion "1"]
[SourceVersionDate "2010.11.26"]
[SourceQuality "1"]

1. e4 d6 2. d4 Nf6 3. Nc3 g6 4. Nf3 Bg7 5. Be2 0-0 6. Be3 Bg4 7. Qd2 Nc6 8. h3 Bxf3 9. Bxf3 e5 10. d5 Ne7 11. g4 c6 12. g5 Ne8 13. Bg2 f5 14. f4 Nc7 15. fxe5 Bxe5 16. 0-0 Qd7 17. Bf4 cxd5 18. exd5 Bxf4 19. Qxf4 a5 20. a4 Nc8 21. Rfe1 Na6 22. Re2 Nb6 23. Rae1 Rf7 24. Re6 Rd8 25. Nb5 Nc8 26. c3 Nc5 27. h4 Re7 28. Rxe7 Nxe7 29. Nd4 Nc8 30. Ne6 Re8 31. Nxc5 Rxe1+ 32. Kf2 dxc5 33. Kxe1 Qe7+ 34. Kd2 Nd6 35. c4 Kf8 36. Bf3 Kg8 37. Bg2 Kf8 38. Bf3 1/2-1/2

[Event "Vladivostok-ch op"]
[Site "Vladivostok"]
[Date "2007.10.??"]
[Round "5"]
[White "Meshkov, Ivan"]
[Black "Tanashkin, Alexey"]
[Result "1-0"]
[WhiteElo "2262"]
[BlackElo "2187"]
[PlyCount "74"]
[EventDate "2007.10.20"]
[EventType "swiss"]
[EventRounds "9"]
[EventCountry "RUS"]
[SourceTitle "EXT 2022"]
[Source "ChessBase"]
[SourceDate "2021.10.06"]
[SourceVersion "1"]
[SourceVersionDate "2021.10.06"]
[SourceQuality "1"]

1. e4 d6 2. d4 Nf6 3. Nc3 g6 4. Be3 c6 5. f3 Nbd7 6. Qd2 b5 7. g4 Qa5 8. g5 Nh5 9. Nge2 b4 10. Nd1 c5 11. Ng3 Ng7 12. d5 Ba6 13. Bxa6 Qxa6 14. Nf2 Ne5 15. Qe2 Qxe2+ 16. Kxe2 e6 17. a3 Nc4 18. axb4 Nxe3 19. Kxe3 exd5 20. exd5 cxb4 21. Ke4 h6 22. h4 Kd8 23. Kd3 Ne8 24. Ra4 a5 25. Rha1 hxg5 26. hxg5 Bg7 27. Rxb4 axb4 28. Rxa8+ Kd7 29. b3 Nc7 30. Rxh8 Bxh8 31. Kc4 Be5 32. Ne2 Na6 33. Nc1 Nc7 34. Nfd3 Bh2 35. Nxb4 Bg1 36. Nc6 Be3 37. Nd3 Bxg5 1-0